000
00384nam a2200157Ia 4500
008
100122s9999 xx 000 0 und d
082
_b
42851
_a
821
100
_a
पाडगावकर मंगेश
245
_a
गझल
250
_a
2
260
_b
मौज प्रकाशन
_c
1989
300
_a
87
630
_a
गझल
730
_a
गझल
942
_c
BOOK
999
_c
423146
_d
423143